|
|
|
|
| LEADER |
00000cam a2200000 7i4500 |
| 001 |
0000006162 |
| 005 |
20101025.0 |
| 008 |
101025 |
| 040 |
|
|
|a INS
|
| 090 |
0 |
0 |
|a VCD 1681
|
| 245 |
0 |
0 |
|a Persembahan bengkel penilaian harta kediaman bagi Pembantu Penilaian [
|h cakera video] :
|b 23 - 26 Julai 1996
|
| 260 |
|
|
|a Bangi :
|b INSPEN ,
|c 1996
|
| 300 |
|
|
|a 1 cakera video (2 jam 24 min.) :
|b by., wrn. ;
|c 4 3/4 in.
|
| 500 |
|
|
|a Juga terdapat dalam format VHS: VHS 645 (a&b)
|
| 650 |
0 |
0 |
|a Real property
|x Valuation
|
| 710 |
1 |
|
|a INSPEN (Institut Penilaian Negara)
|
| 999 |
|
|
|a VCD0001681
|b VIDEO CD
|c Media Collection
|e Default branch
|